Zákon o dani z pridanej hodnoty s komentárom

Zákon č. 222/2004 Z.z. o dani z pridanej hodnoty v znení zákona č. 350/2004 Z.z. a zákona č. 651/2004 Z.z. s komentárom. Prílohy. Zoznam preberaných právnych aktov ES a EÚ.

Salvato in:
Dettagli Bibliografici
Autore principale: Zuziková, Alena
Natura: Capitolo di libro
Lingua:slovacco
Soggetti:
Tags: Aggiungi Tag
Nessun Tag, puoi essere il primo ad aggiungerne!!

MARC

LEADER 00000naa$a2200000$$$4500
001 0024334
005 20230919094840.1
041 0 |a slo 
044 |a SK 
245 1 0 |a Zákon o dani z pridanej hodnoty s komentárom  |c Alena Zuziková 
520 |a Zákon č. 222/2004 Z.z. o dani z pridanej hodnoty v znení zákona č. 350/2004 Z.z. a zákona č. 651/2004 Z.z. s komentárom. Prílohy. Zoznam preberaných právnych aktov ES a EÚ. 
610 2 0 |a dane z hodnoty pridanej 
610 2 0 |a zákony 
610 2 0 |a komentáre 
610 2 0 |a Slovensko 
610 2 0 |a 2004 
100 1 |a Zuziková, Alena